01685nam a2200361 a 4500001001000000003000400010005001700014008004100031020001500072040002500087049000900112082002100121100003900142245014200181260004500323300002100368500006300389504003200452600007200484600007300556600003700629650002800666650004400694650005300738650005500791650003100846910003700877942001400914952013400928952011901062952012501181999001701306000011444OSt20260321073639.0091019s2006 dr 001 j spa d a9945410148 aDO-SdBNPbspacBNPHU aBNPD aRD863.509bF475e1 aFigueroa, Ramón A.d1956-92712714aLos equilibristas :bEmilio S. Belaval, Juan Bosch, Lino Novás Calvo y el cuento del Caribe Hispano (1930-1940) /cRamón A. Figueroa. aSanto Domingo :bLetra Gráfica,c2006. a231 p. ;c23 cm. aIncluye datos biográficos del autor en la contraportada. aBibliografía: p. 225-231.14aBelaval, Emilio S.,d1903-1972xCrítica e interpretación92712814aNovás Calvo, Lino,d1905-1987xCrítica e interpretación92712910a Bosch, Juan, d1909-2001976555 0aEnsayos dominicanos965 4aCuentos caribeñosxColecciones927130 4aCuentos caribeñosxHistoria y crítica927131 4aLiteratura caribeñaxHistoria y crítica917622 0aLiteratura dominicana.967 aValidado. Control de calidad EMS 2ddccLBS1 001054708DSaGRbGRcHDd2009-10-19iLF1l0oRD863.509 F475ep11444-30r2020-06-25te. 3w2020-06-25yLFDSZPréstamo en sala 0010718PDaPDbPDcHDd2009-10-19iLF1l0oRD863.509 F475ep11444-10r2020-06-25w2020-06-25yLFPDZNo se presta 0010718PDaPDbPDcHDd2009-10-19iLF1l0oRD863.509 F475ep11444-20r2020-06-25te. 2w2020-06-25yLFPDZNo se presta c11145d11145